00719nam a2200181Ia 4500999001700000082001200017100002000029245012500049260006300174300001400237504002700251650003400278650002200312650002500334700002800359942001200387952013800399 c17032d17032 aRS 0744 aSharma, Mridula 0aMicro finance for income generation for livelihood:ba comparative study of non-profit making NGOs, SBLP and for profit  c2015bIndian Council of Social Science Research, New Delhi axiv, 155p aIncludes: Bibliography aIncome generationvlivelihood aSBLP and MFIvNGO aMicro financezIndia aRamasubraminam, Hemlata cRP2ddc 001040718IRPaNASSDOCbNASSDOCd2017-09-25eGifted by : RP Division, ICSSRl0oRS 0744p49377r2019-04-18 00:00:00w2019-04-18yRP